গাঞ্জে ফেরেস্তে : (Record no. 52557)
[ view plain ]
| 000 -LEADER | |
|---|---|
| fixed length control field | 01006nam a22002417a 4500 |
| 001 - CONTROL NUMBER | |
| control field | 52557 |
| 003 - CONTROL NUMBER IDENTIFIER | |
| rucl marc code | BD-RjUL |
| 005 - DATE AND TIME OF LATEST TRANSACTION | |
| control field | 20211209075828.0 |
| 008 - FIXED-LENGTH DATA ELEMENTS--GENERAL INFORMATION | |
| fixed length control field | 160921s1977 bg ||||| |||| 00| 0 ben d |
| 020 ## - INTERNATIONAL STANDARD BOOK NUMBER | |
| Terms of availability | : TK 15.00 |
| 035 ## - SYSTEM CONTROL NUMBER | |
| System control number | (BD-RjUL)52677 |
| 040 ## - CATALOGING SOURCE | |
| Original cataloging agency | BD-RjUL |
| Language of cataloging | ben |
| Transcribing agency | BD-RjUL |
| 041 ## - LANGUAGE CODE | |
| Language code of text/sound track or separate title | ben |
| 082 ## - DEWEY DECIMAL CLASSIFICATION NUMBER | |
| Edition number | 23 |
| Classification number | 791.430954 |
| Author mark and year | MAG 1977 |
| 100 ## - MAIN ENTRY--PERSONAL NAME | |
| Personal name | মান্টো, সা'দত হাসান |
| 9 (RLIN) | 157147 |
| 245 10 - TITLE STATEMENT | |
| Title | গাঞ্জে ফেরেস্তে : |
| Remainder of title | চলচ্চিত্র ইতিহাসের দলিলগ্রন্থ / |
| Statement of responsibility, etc. | সা'দত হাসান মান্টো |
| 260 ## - PUBLICATION, DISTRIBUTION, ETC. (IMPRINT) | |
| Place of publication, distribution, etc. | ঢাকা : |
| Name of publisher, distributor, etc. | মুক্তধারা, |
| Date of publication, distribution, etc. | ১৯৭৭ |
| 300 ## - PHYSICAL DESCRIPTION | |
| Pagination | ২৩২ পৃ. ; |
| Size | ২১ সেমি. |
| 650 ## - SUBJECT ADDED ENTRY--TOPICAL TERM | |
| Topical term or geographic name as entry element | Motion Picture |
| General subdivision | History |
| Geographic subdivision | India |
| 9 (RLIN) | 157148 |
| Topical term or geographic name as entry element | চলচ্চিত্র |
| General subdivision | ইতিহাস |
| Geographic subdivision | ভারত |
| 9 (RLIN) | 157149 |
| 700 ## - ADDED ENTRY--PERSONAL NAME | |
| Personal name | হারুন, মোস্তফা, অনুবাদ |
| 942 ## - ADDED ENTRY ELEMENTS (KOHA) | |
| Source of classification or shelving scheme | Dewey Decimal Classification |
| Koha item type | Books |
| Lost status | Source of classification or shelving scheme | Damaged status | Not for loan | Collection code | Permanent Location | Current Location | Shelving location | Date acquired | Source of acquisition | Cost, normal purchase price | Total Checkouts | Full call number | Date last seen | Copy number | Koha item type |
|---|---|---|---|---|---|---|---|---|---|---|---|---|---|---|---|
| Dewey Decimal Classification | Non-fiction | Central Library, University of Rajshahi | Central Library, University of Rajshahi | 30/06/1977 | Euro-pak news agency, Dacca. | 15.00 | B 791.430954 MAG 1977 | 21/09/2016 | C-2 | Books |